000 00565nam a2200181 4500
001 106923
003 ES-MaACL
005 20250905123713.0
007 t|
008 061121s1931 sp r ||||1| spa d
100 1 _aMoraes, Leonardo.
_982903
245 1 0 _aPortugal bajo la espuela militar
_b: cien años de terror blanco /
_cpor Leonardo Moraes; prólogo de Wenceslao Roces.
260 _aMadrid :
_b[s.n.],
_c1931.
300 _a32 p. ;
_c20 cm.
700 1 _aRoces, Wenceslao,
_d1897-1992
_998039
852 _aES-MaACL
_j1749-F-10
999 _c106923
_d106923